| 000 | 00962cam a22003138a 4500 | ||
|---|---|---|---|
| 999 |
_c908 _d908 |
||
| 001 | 00188125 | ||
| 003 | OCoLC | ||
| 005 | 20191226101913.0 | ||
| 008 | 100519r19991998enk 000 0 eng | ||
| 015 | _aGB99-W7154 | ||
| 020 | _a0751527378 | ||
| 020 | _a9780751527377 | ||
| 040 |
_aUKM _cUKM _dOCLCQ _dBAKER _dYDXCP |
||
| 042 | _anbic | ||
| 043 | _an-us--- | ||
| 049 | _aC5MA | ||
| 060 | 4 |
_aLD571.B418 _bAL14t |
|
| 082 | 0 | 4 |
_a973 ALB _221 |
| 100 | 1 |
_aAlbom, Mitch. _eauthor |
|
| 245 | 1 | 0 |
_aTuesdays with Morrie : _ban old man, a young man, and life's greatest lesson. |
| 260 |
_aLondon : _bWarner, _c1999. |
||
| 300 |
_a208 p. ; _c18 cm. |
||
| 500 | _aOriginally published: New York: Doubleday, 1997; London: Little, Brown, 1998. | ||
| 600 | 1 | 0 |
_aSchwartz, Morris S. _xPhilosophy. |
| 650 | 0 |
_aIntergenerational relations _zUnited States. |
|
| 650 | 0 |
_aTeacher-student relationships _zUnited States. |
|
| 700 | _aSchwartz, Morris S | ||
| 942 |
_2ddc _cNFIC |
||